000 00429nam a22001697a 4500
003 OSt
008 260505b |||||||| |||| 00| 0 eng d
082 _a633.18
_bA81R
100 _aKumar, Ashok
245 _aResponse of Mid-Duration Rice Varieties to Varying Levels of Nitrogen
260 _aPusa, Samastipur
_bRAU
_c1977
300 _a81P.
502 _bMsc.
_d1977
650 _aAgronomy
650 _aMsc.
942 _2ddc
_cT
999 _c50422
_d50422